<?xml version="1.0" encoding="UTF-8"?>
<record
    xmlns:xsi="http://www.w3.org/2001/XMLSchema-instance"
    xsi:schemaLocation="http://www.loc.gov/MARC21/slim http://www.loc.gov/standards/marcxml/schema/MARC21slim.xsd"
    xmlns="http://www.loc.gov/MARC21/slim">

  <leader>04148nam a2200397 a 4500</leader>
  <controlfield tag="003">CHAP</controlfield>
  <controlfield tag="005">20251001182739.0</controlfield>
  <controlfield tag="007">ta</controlfield>
  <controlfield tag="008">251001s2024    -usado|fr|||| 001 0 eng d</controlfield>
  <datafield tag="020" ind1=" " ind2=" ">
    <subfield code="a">978-0-323-95996-4</subfield>
  </datafield>
  <datafield tag="040" ind1=" " ind2=" ">
    <subfield code="a">mxchpua</subfield>
    <subfield code="c">CHAP</subfield>
    <subfield code="e">rda</subfield>
  </datafield>
  <datafield tag="041" ind1=" " ind2=" ">
    <subfield code="a">eng</subfield>
    <subfield code="b">eng</subfield>
    <subfield code="f">eng</subfield>
    <subfield code="h">eng</subfield>
  </datafield>
  <datafield tag="050" ind1="1" ind2="0">
    <subfield code="a">TP248.65.E59</subfield>
    <subfield code="b">.E59 2024</subfield>
  </datafield>
  <datafield tag="082" ind1="0" ind2="0">
    <subfield code="2">20</subfield>
    <subfield code="a">664.024</subfield>
    <subfield code="b">E59 2024</subfield>
  </datafield>
  <datafield tag="245" ind1="1" ind2="0">
    <subfield code="a">Enzymatic processes for food valorization /</subfield>
    <subfield code="c">editores M&#xF3;nica L. Ch&#xE1;vez Gonz&#xE1;lez, Jos&#xE9; Juan Buenrostro Figueroa, Deepak K. Verma y Crist&#xF3;bal N. Aguilar</subfield>
  </datafield>
  <datafield tag="250" ind1=" " ind2=" ">
    <subfield code="a">1a edici&#xF3;n</subfield>
  </datafield>
  <datafield tag="264" ind1=" " ind2=" ">
    <subfield code="a">Cambridge, MA, USA :</subfield>
    <subfield code="b">Academic Press,</subfield>
    <subfield code="c">2024</subfield>
  </datafield>
  <datafield tag="300" ind1=" " ind2=" ">
    <subfield code="a">xiii, 380 p&#xE1;ginas :</subfield>
    <subfield code="b">ilustraciones, gr&#xE1;ficas, diagramas, tablas, fotos</subfield>
  </datafield>
  <datafield tag="336" ind1=" " ind2=" ">
    <subfield code="2">rdacontent</subfield>
    <subfield code="a">texto</subfield>
    <subfield code="b">txt</subfield>
  </datafield>
  <datafield tag="337" ind1=" " ind2=" ">
    <subfield code="2">rdamedia</subfield>
    <subfield code="a">sin medio</subfield>
    <subfield code="b">n</subfield>
  </datafield>
  <datafield tag="338" ind1=" " ind2=" ">
    <subfield code="2">rdacarrier</subfield>
    <subfield code="a">volumen</subfield>
    <subfield code="b">nc</subfield>
  </datafield>
  <datafield tag="490" ind1="1" ind2=" ">
    <subfield code="a">Foundations and Frontiers of Biocatalysis Series (Academic Press)</subfield>
  </datafield>
  <datafield tag="504" ind1=" " ind2=" ">
    <subfield code="a">Incluye bibliograf&#xED;as</subfield>
  </datafield>
  <datafield tag="505" ind1="0" ind2=" ">
    <subfield code="a">PARTE 1: Advances in food processing using enzymes --
1. Microbial enzymes: trends in food and industrial applications --
2. Enzymes for meat and meat processing industry: current trends, technological development, and future prospects --
3. Enzymes as a boon and a bane in the postharvest processing of fruits and vegetables --
4. Microbial enzymes for development of dairy-based value-added food products: trends and technological development --
5. Corn composition and its health benefits --
6. Enzymes from a technological standpoint and their application in seafood processing --
PARTE 2: Use of enzymes for the release of interest compounds from food waste --
7. Food waste as a source of novel food additives: an overview --
8. Color additives --
9. Food by-products potential use for flavor enhancers production --
10. Bioemulsifiers as food additives --
11. Recent advances in the extraction of phenolic compounds using biotechnological processes --
12. Non-dairy prebiotic, probiotic, and synbiotic beverages --
13. Advances in enzyme-assisted extraction technique for antidiabetic phytochemicals: an emerging approach for green and economical technologies --
14. Enzymes applied in sweeteners production --
15. Enzymatic hydrolysis: a sustainable approach for Agave waste&#x2013;based ethanol production and its advancement --
PARTE 3: Trends in biocatalysis for foods --
16. Recent trends in biocatalysis and its application in the food industry --
17. Biocatalyst: discovering and designing enzymes for industrial applications --
18. An overview of the &#x3B2;-fructofuranosidase with a focus on the enzyme immobilization --
19. Encapsulation of enzymes-based on biopolymers and biochemical systems: progress and perspective --
20. Trends, technological developments, and challenges in food biocatalysts for industrial applications --
Index</subfield>
  </datafield>
  <datafield tag="520" ind1="3" ind2=" ">
    <subfield code="a">Enzymatic Processes for Food Valorization describes the most recent research in the field of catalysis for food valorization, revealing the impact of the implementation of enzymatic catalysis in the different stages that make up the production processes. Sections review advances in food processing using enzymes, explore the use of enzymes on by-products for the release of compounds of interest, and show recent trends in biocatalysis and its application in the food industry.

Written by a team of international experts, this is an invaluable guide for professionals in the area of enzyme technology applied in the food industry, as well as technicians and scientists involved in the use of enzymes on food waste for the valorization and/or recovery of compounds.</subfield>
  </datafield>
  <datafield tag="650" ind1="1" ind2="3">
    <subfield code="a">Enzimas</subfield>
    <subfield code="2">atg</subfield>
    <subfield code="9">37195</subfield>
    <subfield code="x">Procesamiento de alimentos</subfield>
  </datafield>
  <datafield tag="650" ind1="1" ind2="3">
    <subfield code="a">Biocat&#xE1;lisis</subfield>
    <subfield code="2">atg</subfield>
    <subfield code="9">191309</subfield>
  </datafield>
  <datafield tag="650" ind1="1" ind2="3">
    <subfield code="a">Enzymes </subfield>
    <subfield code="2">atg</subfield>
    <subfield code="9">153399</subfield>
    <subfield code="x">Food processing</subfield>
  </datafield>
  <datafield tag="650" ind1="1" ind2="3">
    <subfield code="a">Biocatalysis</subfield>
    <subfield code="9">191310</subfield>
  </datafield>
  <datafield tag="700" ind1="1" ind2=" ">
    <subfield code="a">Ch&#xE1;vez Gonz&#xE1;lez, M&#xF3;nica L.</subfield>
    <subfield code="9">191313</subfield>
    <subfield code="e">editora</subfield>
  </datafield>
  <datafield tag="700" ind1="1" ind2=" ">
    <subfield code="a">Buenrostro Figueroa, Jos&#xE9; Juan</subfield>
    <subfield code="9">191314</subfield>
    <subfield code="e">editor</subfield>
  </datafield>
  <datafield tag="700" ind1="1" ind2=" ">
    <subfield code="a">Verma, Deepak K.</subfield>
    <subfield code="9">191315</subfield>
    <subfield code="e">editor</subfield>
  </datafield>
  <datafield tag="700" ind1="1" ind2=" ">
    <subfield code="a">Aguilar, Crist&#xF3;bal N.</subfield>
    <subfield code="9">191316</subfield>
  </datafield>
  <datafield tag="830" ind1=" " ind2=" ">
    <subfield code="a">Foundations and Frontiers of Biocatalysis Series (Academic Press)</subfield>
    <subfield code="9">191308</subfield>
  </datafield>
  <datafield tag="942" ind1=" " ind2=" ">
    <subfield code="2">ddc</subfield>
    <subfield code="c">LIBRO</subfield>
  </datafield>
  <datafield tag="999" ind1=" " ind2=" ">
    <subfield code="c">233075</subfield>
    <subfield code="d">233075</subfield>
  </datafield>
  <datafield tag="952" ind1=" " ind2=" ">
    <subfield code="0">0</subfield>
    <subfield code="1">0</subfield>
    <subfield code="2">ddc</subfield>
    <subfield code="4">0</subfield>
    <subfield code="5">1</subfield>
    <subfield code="7">0</subfield>
    <subfield code="8">GRAL</subfield>
    <subfield code="a">IA_</subfield>
    <subfield code="b">IA_</subfield>
    <subfield code="d">2025-09-26</subfield>
    <subfield code="e">Compra Librer&#xED;a UACh F. </subfield>
    <subfield code="i">C/e</subfield>
    <subfield code="l">0</subfield>
    <subfield code="o">664.024 E59 2024</subfield>
    <subfield code="p">1102016054</subfield>
    <subfield code="r">2025-10-01 14:51:39</subfield>
    <subfield code="t">Ej. 1</subfield>
    <subfield code="w">2025-10-01</subfield>
    <subfield code="y">LIBRO</subfield>
  </datafield>
</record>
